| 000 | 00609nam a2200217 a 4500 | ||
|---|---|---|---|
| 001 | BRCA_3546 | ||
| 005 | 20190320204328.0 | ||
| 008 | 300709s19?-----gw-a---###---#000-0#ger-# | ||
| 041 | _ager | ||
| 044 | _agw | ||
| 050 | 4 |
_aNC1509 _b.H45 1900 |
|
| 245 | 1 | 0 |
_aHeiteres Hamburg _bVergangenheit und Gegenwart herausgegeben von Carl Budich. |
| 260 |
_aHamburgo _bMatthiesen _c[1900] |
||
| 300 |
_a78 p. _bil. _c25 cm. |
||
| 500 | _aB214 | ||
| 650 | 1 | 4 |
_aHumorismo alemán _96123 |
| 651 | 4 |
_aAlemania _xVida social y costumbres _zHamburgo _99198 |
|
| 700 | 1 |
_aBudich, Carl _99199 |
|
| 902 | _aGFM | ||
| 942 |
_2lcc _cB |
||
| 999 |
_c3281 _d3281 |
||